000 01041nam a2200313 i 4500
001 74816
003 BD-RjUL
005 20211209082616.0
008 181208s1975 enka bp 001 0 eng
020 _a0521206588.
_a0521206383
035 _a(BD-RjUL)75034
040 _aDLC
_cDLC
_dDLC
_dBD-RjUL
_beng
041 _aeng
082 0 0 _a577
_223
_bTRE 1975
100 1 _aTribe, Michael A.
_9225719
245 1 0 _aEcological principles /
_cMichael A. Tribe, Michael R. Eraut & Roger K. Snook.
260 _aCambridge [Eng.] ;
_aNew York :
_bCambridge University Press,
_c1975.
300 _aviii, 160 p. :
_bill. ;
_c30 cm.
490 1 _aBasic biology course ; book 4 : Unit 2, Organisms and their environment
500 _aIncludes index.
504 _aBibliography: p. 158.
650 0 _aEcology
_xProgrammed instruction.
_9225720
700 1 _aEraut, Michael,
_935939
700 1 _aSnook, Roger K.,
_935940
830 0 _aBasic biology course ;
_vbook 4.
_9225724
942 _2ddc
_cBK
999 _c74816
_d74816